[Event "male"]
[Site "?"]
[Date "2016.02.14"]
[Round "4.1"]
[White "Pershin, Denis"]
[Black "Timerkhanov, Alexander"]
[Result "1-0"]
[LiveChessVersion "1.4.2"]
[BlackElo "2251"]
[WhiteElo "2375"]

1. e4 {[%clk 1:27:24]} c5 {[%clk 1:30:47]} 2. Nf3 {[%clk 1:27:10]} d6
{[%clk 1:31:12]} 3. Bb5+ {[%clk 1:27:35]} Nd7 {[%clk 1:31:37]} 4. O-O
{[%clk 1:27:58]} a6 {[%clk 1:31:44]} 5. Bxd7+ {[%clk 1:28:23]} Bxd7
{[%clk 1:32:10]} 6. c3 {[%clk 1:28:48]} Nf6 {[%clk 1:32:18]} 7. Re1
{[%clk 1:29:14]} e6 {[%clk 1:32:20]} 8. d4 {[%clk 1:28:27]} cxd4 {[%clk 1:32:33]}
9. cxd4 {[%clk 1:28:51]} d5 {[%clk 1:32:47]} 10. exd5 {[%clk 1:29:00]} Nxd5
{[%clk 1:33:11]} 11. Nc3 {[%clk 1:29:25]} Nxc3 {[%clk 1:31:03]} 12. bxc3
{[%clk 1:29:50]} Bd6 {[%clk 1:29:17]} 13. Ng5 {[%clk 1:27:33]} Be7
{[%clk 1:13:24]} 14. Qh5 {[%clk 1:25:07]} Bxg5 {[%clk 1:11:40]} 15. Bxg5
{[%clk 1:25:36]} Qa5 {[%clk 1:11:35]} 16. c4 {[%clk 1:15:22]} O-O
{[%clk 1:05:54]} 17. c5 {[%clk 1:13:48]} f6 {[%clk 1:03:53]} 18. Bf4
{[%clk 1:12:39]} Qa4 {[%clk 0:56:31]} 19. Bd6 {[%clk 1:12:30]} Rf7
{[%clk 0:56:37]} 20. Qd1 {[%clk 0:49:20]} Qxd1 {[%clk 0:50:48]} 21. Raxd1
{[%clk 0:49:45]} Re8 {[%clk 0:51:08]} 22. Rb1 {[%clk 0:49:06]} Bc6
{[%clk 0:51:28]} 23. Rb2 {[%clk 0:40:45]} Rd7 {[%clk 0:51:45]} 24. Rbe2
{[%clk 0:39:56]} Kf7 {[%clk 0:51:40]} 25. f4 {[%clk 0:40:06]} f5 {[%clk 0:51:44]}
26. Kf2 {[%clk 0:40:02]} Bd5 {[%clk 0:50:08]} 27. h3 {[%clk 0:39:50]} h5
{[%clk 0:45:58]} 28. Kg3 {[%clk 0:39:22]} Rh8 {[%clk 0:46:05]} 29. Kh4
{[%clk 0:39:32]} Rh6 {[%clk 0:46:01]} 30. a3 {[%clk 0:26:14]} Rg6
{[%clk 0:46:15]} 31. Rg1 {[%clk 0:23:42]} Rd8 {[%clk 0:39:15]} 32. Be5
{[%clk 0:24:06]} Re8 {[%clk 0:34:14]} 33. Rb2 {[%clk 0:24:17]} Rc8
{[%clk 0:34:27]} 34. Rgb1 {[%clk 0:21:32]} Kg8 {[%clk 0:15:26]} 35. g3
{[%clk 0:14:42]} Kh7 {[%clk 0:14:44]} 36. Rxb7 {[%clk 0:14:36]} Bxb7
{[%clk 0:14:55]} 37. Rxb7 {[%clk 0:15:04]} Kh6 {[%clk 0:13:49]} 38. Ra7
{[%clk 0:09:58]} Rc6 {[%clk 0:05:52]} 39. Ra8 {[%clk 0:09:37]} Rf6
{[%clk 0:05:53]} 40. Bxf6 {[%clk 0:38:34]} gxf6 {[%clk 0:36:22]} 41. Rb8
{[%clk 0:37:17]} 1-0

[Event "male"]
[Site "?"]
[Date "2016.02.14"]
[Round "4.2"]
[White "Sichinava, Zviad"]
[Black "Artamonov, Valery"]
[Result "1-0"]
[LiveChessVersion "1.4.2"]
[BlackElo "2292"]
[WhiteElo "2313"]

1. d4 {[%clk 1:26:29]} g6 {[%clk 1:30:49]} 2. h4 {[%clk 1:25:32]} Nf6
{[%clk 1:30:40]} 3. h5 {[%clk 1:25:19]} Nxh5 {[%clk 1:30:38]} 4. Rxh5
{[%clk 1:25:43]} gxh5 {[%clk 1:31:04]} 5. e3 {[%clk 1:25:49]} d5 {[%clk 1:29:54]}
6. Qxh5 {[%clk 1:26:10]} Nd7 {[%clk 1:30:11]} 7. Qxd5 {[%clk 1:25:27]} Nf6
{[%clk 1:30:35]} 8. Qb3 {[%clk 1:24:41]} Bg7 {[%clk 1:29:41]} 9. Bc4
{[%clk 1:19:06]} O-O {[%clk 1:29:15]} 10. Nf3 {[%clk 1:18:56]} Ne4
{[%clk 1:28:18]} 11. Bd3 {[%clk 1:19:16]} Nd6 {[%clk 1:26:38]} 12. e4
{[%clk 1:18:25]} c5 {[%clk 1:22:36]} 13. e5 {[%clk 1:13:19]} c4 {[%clk 1:17:28]}
14. Bxc4 {[%clk 1:13:24]} Nxc4 {[%clk 1:17:53]} 15. Qxc4 {[%clk 1:13:51]} Bf5
{[%clk 1:18:12]} 16. Qb3 {[%clk 1:12:28]} Qd7 {[%clk 1:14:52]} 17. Be3
{[%clk 1:04:38]} b5 {[%clk 1:14:03]} 18. Nc3 {[%clk 0:59:21]} Rac8
{[%clk 1:08:29]} 19. O-O-O {[%clk 0:46:49]} a5 {[%clk 1:01:49]} 20. Rd2
{[%clk 0:29:18]} b4 {[%clk 0:57:11]} 21. Na4 {[%clk 0:27:06]} Qb5
{[%clk 0:53:55]} 22. Ne1 {[%clk 0:21:03]} Rc6 {[%clk 0:28:34]} 23. Nc5
{[%clk 0:16:43]} Rfc8 {[%clk 0:24:31]} 24. a4 {[%clk 0:16:35]} Qf1
{[%clk 0:24:18]} 25. Rd1 {[%clk 0:16:06]} e6 {[%clk 0:16:39]} 26. f3
{[%clk 0:13:27]} Qe2 {[%clk 0:15:49]} 27. Bf4 {[%clk 0:07:08]} Qf2
{[%clk 0:13:30]} 28. Qc4 {[%clk 0:05:53]} Bf8 {[%clk 0:13:17]} 29. Qb3
{[%clk 0:04:06]} Bxc5 {[%clk 0:12:16]} 30. Be3 {[%clk 0:04:23]} Qg3
{[%clk 0:12:37]} 31. dxc5 {[%clk 0:04:45]} Qxe5 {[%clk 0:13:00]} 32. Bd4
{[%clk 0:03:04]} Qf4+ {[%clk 0:13:10]} 33. Be3 {[%clk 0:03:19]} Qe5
{[%clk 0:13:15]} 34. Bd4 {[%clk 0:03:43]} Qe2 {[%clk 0:13:15]} 35. g4
{[%clk 0:03:45]} Bg6 {[%clk 0:12:26]} 36. f4 {[%clk 0:01:35]} e5 {[%clk 0:11:38]}
37. fxe5 {[%clk 0:01:31]} Qxg4 {[%clk 0:12:02]} 38. Qe3 {[%clk 0:01:00]} Rd8
{[%clk 0:11:11]} 39. Nf3 {[%clk 0:00:35]} Qe4 {[%clk 0:10:53]} 40. Qxe4
{[%clk 0:31:03]} Bxe4 {[%clk 0:41:47]} 41. Ng5 {[%clk 0:30:02]} Bg6
{[%clk 0:40:01]} 42. Nh3 {[%clk 0:24:51]} Kf8 {[%clk 0:40:09]} 43. Nf4
{[%clk 0:23:59]} Ke8 {[%clk 0:40:13]} 44. Rd2 {[%clk 0:22:37]} Rc7
{[%clk 0:37:19]} 45. e6 {[%clk 0:20:12]} Rc6 {[%clk 0:37:09]} 46. exf7+
{[%clk 0:20:27]} Bxf7 {[%clk 0:34:02]} 47. c3 {[%clk 0:19:28]} bxc3
{[%clk 0:34:17]} 48. bxc3 {[%clk 0:19:55]} Rh6 {[%clk 0:32:48]} 49. Re2+
{[%clk 0:18:37]} Kd7 {[%clk 0:33:12]} 50. Nd3 {[%clk 0:18:52]} Rh1+
{[%clk 0:33:21]} 51. Kd2 {[%clk 0:19:06]} Bh5 {[%clk 0:33:28]} 52. Rg2
{[%clk 0:18:16]} Rd1+ {[%clk 0:22:29]} 53. Kc2 {[%clk 0:18:01]} Ra1
{[%clk 0:21:40]} 54. Rg7+ {[%clk 0:17:41]} Kc8 {[%clk 0:18:43]} 55. Ne5
{[%clk 0:15:28]} Rh1 {[%clk 0:15:52]} 56. Nc4 {[%clk 0:14:38]} Rf8
{[%clk 0:09:00]} 57. Nd6+ {[%clk 0:13:56]} Kd8 {[%clk 0:08:12]} 58. c6
{[%clk 0:14:09]} Rh2+ {[%clk 0:08:27]} 59. Kb3 {[%clk 0:14:30]} Bf7+
{[%clk 0:07:05]} 60. Nxf7+ {[%clk 0:14:55]} Kc7 {[%clk 0:07:09]} 61. Be5+
{[%clk 0:15:18]} 1-0

[Event "male"]
[Site "?"]
[Date "2016.02.14"]
[Round "4.3"]
[White "Abramov, Nikita"]
[Black "Schekachikhin, Maksim"]
[Result "0-1"]
[LiveChessVersion "1.4.2"]
[BlackElo "2300"]
[WhiteElo "2238"]

1. e4 {[%clk 1:30:58]} e6 {[%clk 1:30:18]} 2. d4 {[%clk 1:28:25]} d5
{[%clk 1:30:07]} 3. Nd2 {[%clk 1:28:49]} c5 {[%clk 1:30:32]} 4. Ngf3
{[%clk 1:24:36]} cxd4 {[%clk 1:30:46]} 5. exd5 {[%clk 1:22:27]} Qxd5
{[%clk 1:31:08]} 6. Bc4 {[%clk 1:21:37]} Qd6 {[%clk 1:31:33]} 7. O-O
{[%clk 1:19:56]} Nf6 {[%clk 1:31:57]} 8. Nb3 {[%clk 1:18:23]} Nc6
{[%clk 1:32:14]} 9. Nbxd4 {[%clk 1:16:53]} Nxd4 {[%clk 1:32:40]} 10. Nxd4
{[%clk 1:16:44]} a6 {[%clk 1:33:04]} 11. Bg5 {[%clk 1:10:59]} Qc5
{[%clk 1:23:56]} 12. Bxf6 {[%clk 1:11:03]} gxf6 {[%clk 1:24:19]} 13. Be2
{[%clk 1:11:04]} Bd7 {[%clk 1:16:02]} 14. Nb3 {[%clk 1:04:36]} Qc7
{[%clk 1:13:58]} 15. Bf3 {[%clk 1:02:56]} O-O-O {[%clk 1:03:59]} 16. c4
{[%clk 0:55:57]} Bd6 {[%clk 1:01:05]} 17. h3 {[%clk 0:53:32]} Bc6
{[%clk 0:53:38]} 18. Qe2 {[%clk 0:53:14]} Rhg8 {[%clk 0:54:01]} 19. Kh1
{[%clk 0:48:07]} Rg5 {[%clk 0:43:39]} 20. Nd4 {[%clk 0:43:45]} Re5
{[%clk 0:43:26]} 21. Qc2 {[%clk 0:43:05]} Bxf3 {[%clk 0:43:36]} 22. Nxf3
{[%clk 0:43:24]} Rf5 {[%clk 0:42:04]} 23. Qe2 {[%clk 0:40:45]} Rc5
{[%clk 0:33:29]} 24. b3 {[%clk 0:39:35]} f5 {[%clk 0:33:49]} 25. Rfd1
{[%clk 0:38:11]} Kb8 {[%clk 0:31:45]} 26. Rd2 {[%clk 0:33:07]} Bf4
{[%clk 0:27:50]} 27. Rxd8+ {[%clk 0:31:42]} Qxd8 {[%clk 0:28:19]} 28. Rd1
{[%clk 0:31:10]} Qf6 {[%clk 0:25:52]} 29. g3 {[%clk 0:26:14]} Bc7
{[%clk 0:22:33]} 30. Qe3 {[%clk 0:24:29]} Rc6 {[%clk 0:19:55]} 31. Qg5
{[%clk 0:24:15]} e5 {[%clk 0:14:42]} 32. Qg8+ {[%clk 0:22:25]} Ka7
{[%clk 0:14:33]} 33. Rd7 {[%clk 0:21:19]} e4 {[%clk 0:08:50]} 34. Nd4
{[%clk 0:20:00]} Rd6 {[%clk 0:08:29]} 35. Rxc7 {[%clk 0:17:56]} Rxd4
{[%clk 0:07:32]} 36. Qxf7 {[%clk 0:16:50]} Qb6 {[%clk 0:06:29]} 37. Kg2
{[%clk 0:16:24]} Rd2 {[%clk 0:05:10]} 38. c5 {[%clk 0:16:39]} Qb4
{[%clk 0:04:52]} 39. Rd7 {[%clk 0:15:24]} e3 {[%clk 0:03:31]} 40. Rxd2
{[%clk 0:44:01]} exd2 {[%clk 0:30:55]} 41. Qd7 {[%clk 0:42:10]} Qe4+
{[%clk 0:30:59]} 42. Kh2 {[%clk 0:42:07]} Qe1 {[%clk 0:29:15]} 43. c6
{[%clk 0:42:24]} Qxf2+ {[%clk 0:29:39]} 44. Kh1 {[%clk 0:42:52]} Qf1+
{[%clk 0:30:01]} 45. Kh2 {[%clk 0:43:16]} Qe2+ {[%clk 0:30:26]} 0-1

[Event "male"]
[Site "?"]
[Date "2016.02.14"]
[Round "4.4"]
[White "Khakimov, Timur"]
[Black "Shubin, Kirill"]
[Result "0-1"]
[LiveChessVersion "1.4.2"]
[BlackElo "2219"]
[WhiteElo "2294"]

1. e4 {[%clk 1:29:14]} e6 {[%clk 1:24:55]} 2. d4 {[%clk 1:29:27]} d5
{[%clk 1:25:22]} 3. Nd2 {[%clk 1:29:46]} Be7 {[%clk 1:25:49]} 4. Bd3
{[%clk 1:28:08]} c5 {[%clk 1:25:31]} 5. dxc5 {[%clk 1:22:30]} Nf6
{[%clk 1:25:06]} 6. e5 {[%clk 1:10:23]} Nfd7 {[%clk 1:22:16]} 7. Ngf3
{[%clk 1:05:11]} Nxc5 {[%clk 1:18:48]} 8. Be2 {[%clk 1:02:31]} Nc6
{[%clk 1:14:33]} 9. O-O {[%clk 0:59:49]} Qc7 {[%clk 1:13:56]} 10. Re1
{[%clk 0:50:36]} Bd7 {[%clk 1:07:45]} 11. c4 {[%clk 0:44:43]} d4 {[%clk 1:04:40]}
12. Nb3 {[%clk 0:43:22]} Nxb3 {[%clk 1:04:24]} 13. axb3 {[%clk 0:42:39]} Qb6
{[%clk 1:03:57]} 14. Bd3 {[%clk 0:41:43]} f6 {[%clk 1:00:04]} 15. Bf4
{[%clk 0:37:20]} O-O-O {[%clk 0:57:00]} 16. Nd2 {[%clk 0:26:14]} f5
{[%clk 0:47:23]} 17. c5 {[%clk 0:21:47]} Qxc5 {[%clk 0:46:40]} 18. Nc4
{[%clk 0:19:29]} g5 {[%clk 0:44:22]} 19. Bd2 {[%clk 0:19:16]} Kb8
{[%clk 0:43:45]} 20. f4 {[%clk 0:09:28]} Nb4 {[%clk 0:39:25]} 21. Bf1
{[%clk 0:09:19]} gxf4 {[%clk 0:38:47]} 22. Bxf4 {[%clk 0:08:12]} Nd5
{[%clk 0:34:13]} 23. Ra5 {[%clk 0:07:42]} Qc6 {[%clk 0:33:17]} 24. Qxd4
{[%clk 0:05:51]} b6 {[%clk 0:32:30]} 25. Rxd5 {[%clk 0:05:26]} exd5
{[%clk 0:32:55]} 26. e6+ {[%clk 0:04:52]} Kb7 {[%clk 0:33:15]} 27. Kh1
{[%clk 0:02:00]} Bc5 {[%clk 0:27:28]} 28. Qg7 {[%clk 0:01:46]} dxc4
{[%clk 0:27:39]} 29. exd7 {[%clk 0:01:40]} Qxd7 {[%clk 0:27:24]} 30. Qc3
{[%clk 0:00:55]} Rhe8 {[%clk 0:26:42]} 31. Be2 {[%clk 0:00:45]} Qd4
{[%clk 0:25:03]} 32. Qxd4 {[%clk 0:00:31]} Bxd4 {[%clk 0:25:25]} 33. Bf3+
{[%clk 0:00:55]} Kc8 {[%clk 0:25:07]} 34. Rc1 {[%clk 0:00:53]} b5
{[%clk 0:25:18]} 35. bxc4 {[%clk 0:00:33]} Bxb2 {[%clk 0:25:40]} 36. Rb1
{[%clk 0:00:45]} bxc4 {[%clk 0:26:00]} 37. g4 {[%clk 0:00:59]} c3
{[%clk 0:25:18]} 38. gxf5 {[%clk 0:01:19]} Rd4 {[%clk 0:24:55]} 39. Bh6
{[%clk 0:01:09]} Red8 {[%clk 0:23:00]} 40. f6 {[%clk 0:30:46]} c2
{[%clk 0:53:04]} 41. Rxb2 {[%clk 0:30:44]} Rd1+ {[%clk 0:53:21]} 42. Kg2
{[%clk 0:31:00]} R1d2+ {[%clk 0:52:17]} 43. Kh3 {[%clk 0:26:40]} c1=Q
{[%clk 0:52:40]} 44. Bg4+ {[%clk 0:26:38]} Kc7 {[%clk 0:52:23]} 45. Bf4+
{[%clk 0:26:07]} Kc6 {[%clk 0:52:46]} 46. Bf3+ {[%clk 0:25:35]} Kc5
{[%clk 0:52:24]} 47. Be3+ {[%clk 0:22:15]} Kc4 {[%clk 0:52:46]} 48. Be2+
{[%clk 0:22:05]} R2d3 {[%clk 0:53:10]} 0-1

[Event "male"]
[Site "?"]
[Date "2016.02.14"]
[Round "4.5"]
[White "Askerov, Marat"]
[Black "Shpartko, Grigory"]
[Result "1-0"]
[LiveChessVersion "1.4.2"]
[BlackElo "2199"]
[WhiteElo "2281"]

1. d4 {[%clk 1:30:55]} Nf6 {[%clk 1:30:44]} 2. c4 {[%clk 1:31:20]} c5
{[%clk 1:31:07]} 3. d5 {[%clk 1:31:45]} e5 {[%clk 1:28:32]} 4. Nc3
{[%clk 1:31:20]} d6 {[%clk 1:28:52]} 5. e4 {[%clk 1:31:39]} g6 {[%clk 1:28:57]}
6. g3 {[%clk 1:31:45]} Bg7 {[%clk 1:29:18]} 7. Bg2 {[%clk 1:32:10]} O-O
{[%clk 1:29:31]} 8. Nge2 {[%clk 1:32:31]} Ne8 {[%clk 1:27:43]} 9. O-O
{[%clk 1:32:29]} f5 {[%clk 1:28:01]} 10. f4 {[%clk 1:31:53]} Nd7 {[%clk 1:28:04]}
11. h3 {[%clk 1:20:25]} b5 {[%clk 1:26:54]} 12. exf5 {[%clk 1:13:35]} b4
{[%clk 1:24:33]} 13. Ne4 {[%clk 1:10:13]} gxf5 {[%clk 1:24:14]} 14. Ng5
{[%clk 1:10:36]} Nb6 {[%clk 1:24:08]} 15. Ne6 {[%clk 1:09:57]} Bxe6
{[%clk 1:24:23]} 16. dxe6 {[%clk 1:10:25]} e4 {[%clk 1:24:18]} 17. g4
{[%clk 1:07:49]} fxg4 {[%clk 1:18:39]} 18. hxg4 {[%clk 0:55:49]} Qh4
{[%clk 1:18:59]} 19. g5 {[%clk 0:52:54]} Qg4 {[%clk 1:16:40]} 20. Qc2
{[%clk 0:46:38]} d5 {[%clk 1:15:21]} 21. cxd5 {[%clk 0:43:34]} Nd6
{[%clk 1:15:40]} 22. e7 {[%clk 0:37:50]} Rf5 {[%clk 1:14:06]} 23. Be3
{[%clk 0:34:34]} Nbc4 {[%clk 1:09:33]} 24. Bxc5 {[%clk 0:29:27]} Rxd5
{[%clk 1:09:52]} 25. Bxd6 {[%clk 0:29:27]} Qxg2+ {[%clk 1:01:51]} 26. Kxg2
{[%clk 0:29:55]} Ne3+ {[%clk 1:02:17]} 27. Kf2 {[%clk 0:29:04]} Nxc2
{[%clk 1:02:43]} 28. Rad1 {[%clk 0:27:18]} Rd3 {[%clk 1:01:09]} 29. Bc5
{[%clk 0:20:12]} Bxb2 {[%clk 1:00:48]} 30. Rxd3 {[%clk 0:19:38]} exd3
{[%clk 1:00:44]} 31. Rd1 {[%clk 0:19:43]} b3 {[%clk 0:58:06]} 32. Rxd3
{[%clk 0:15:18]} Re8 {[%clk 0:57:23]} 33. Rxb3 {[%clk 0:14:40]} Bg7
{[%clk 0:57:49]} 34. f5 {[%clk 0:14:27]} Be5 {[%clk 0:58:13]} 35. f6
{[%clk 0:14:16]} Kf7 {[%clk 0:58:40]} 36. Rh3 {[%clk 0:14:21]} Kg8
{[%clk 0:58:46]} 37. Rxh7 {[%clk 0:13:53]} Kxh7 {[%clk 0:58:51]} 38. f7
{[%clk 0:14:21]} Rc8 {[%clk 0:59:13]} 39. f8=Q {[%clk 0:14:25]} Rxc5
{[%clk 0:59:24]} 40. Qh6+ {[%clk 0:44:49]} Kg8 {[%clk 1:29:50]} 41. e8=Q#
{[%clk 0:45:14]} 1-0

[Event "male"]
[Site "?"]
[Date "2016.02.14"]
[Round "4.6"]
[White "Goldobin, Mikhail"]
[Black "Emdin, Mark"]
[Result "1-0"]
[LiveChessVersion "1.4.2"]
[BlackElo "2227"]
[WhiteElo "2172"]

1. d4 {[%clk 1:30:59]} g6 {[%clk 1:30:27]} 2. e4 {[%clk 1:27:56]} c6
{[%clk 1:26:47]} 3. Nc3 {[%clk 1:26:59]} d5 {[%clk 1:24:06]} 4. e5
{[%clk 1:25:36]} Bg7 {[%clk 1:22:59]} 5. f4 {[%clk 1:14:57]} h5 {[%clk 1:20:18]}
6. Be3 {[%clk 1:13:22]} Nh6 {[%clk 1:19:50]} 7. Nf3 {[%clk 1:13:45]} O-O
{[%clk 1:15:20]} 8. Qd2 {[%clk 1:10:30]} a5 {[%clk 1:13:48]} 9. h3
{[%clk 1:08:08]} Na6 {[%clk 1:10:23]} 10. O-O-O {[%clk 1:07:34]} Nc7
{[%clk 1:03:54]} 11. Rg1 {[%clk 0:58:20]} Bf5 {[%clk 0:35:16]} 12. Nh4
{[%clk 0:55:07]} e6 {[%clk 0:26:38]} 13. Nxf5 {[%clk 0:45:03]} exf5
{[%clk 0:26:21]} 14. Be2 {[%clk 0:43:57]} Qd7 {[%clk 0:18:59]} 15. Na4
{[%clk 0:37:42]} Qe6 {[%clk 0:17:43]} 16. Nc5 {[%clk 0:37:45]} Qc8
{[%clk 0:18:05]} 17. g4 {[%clk 0:36:44]} hxg4 {[%clk 0:17:13]} 18. hxg4
{[%clk 0:37:11]} Nxg4 {[%clk 0:16:46]} 19. Bxg4 {[%clk 0:37:10]} fxg4
{[%clk 0:16:49]} 20. f5 {[%clk 0:35:52]} gxf5 {[%clk 0:14:58]} 21. Bh6
{[%clk 0:34:37]} Ne6 {[%clk 0:15:05]} 22. Rh1 {[%clk 0:33:38]} f4
{[%clk 0:11:30]} 23. Nxe6 {[%clk 0:33:12]} Qxe6 {[%clk 0:10:51]} 24. Qxf4
{[%clk 0:31:12]} f5 {[%clk 0:09:30]} 25. Bxg7 {[%clk 0:25:57]} Kxg7
{[%clk 0:09:38]} 26. Rh5 {[%clk 0:24:58]} Rf7 {[%clk 0:01:56]} 27. Rdh1
{[%clk 0:24:23]} Rg8 {[%clk 0:02:06]} 28. Rh6 Qe8 29. e6 {[%clk 0:23:07]} Rf6
{[%clk 0:02:02]} 30. Qg5+ {[%clk 0:23:23]} 1-0

[Event "male"]
[Site "?"]
[Date "2016.02.14"]
[Round "4.8"]
[White "Reshetnikov, Ruslan"]
[Black "Bekhovskiy, Mikhail"]
[Result "1/2-1/2"]
[LiveChessVersion "1.4.2"]
[BlackElo "2216"]
[WhiteElo "2187"]

1. d4 {[%clk 1:30:56]} Nf6 {[%clk 1:30:53]} 2. c4 {[%clk 1:31:16]} e6
{[%clk 1:31:18]} 3. Nc3 {[%clk 1:31:26]} Bb4 {[%clk 1:31:43]} 4. e3
{[%clk 1:31:49]} O-O {[%clk 1:32:06]} 5. Nge2 {[%clk 1:31:56]} d5
{[%clk 1:32:30]} 6. a3 {[%clk 1:31:53]} Be7 {[%clk 1:32:54]} 7. cxd5
{[%clk 1:29:31]} exd5 {[%clk 1:33:18]} 8. Nf4 {[%clk 1:29:54]} c6
{[%clk 1:33:03]} 9. g3 {[%clk 1:29:36]} Bf5 {[%clk 1:32:02]} 10. Bg2
{[%clk 1:29:49]} Bd6 {[%clk 1:27:50]} 11. Nd3 {[%clk 1:28:14]} Re8
{[%clk 1:27:33]} 12. O-O {[%clk 1:28:09]} Nbd7 {[%clk 1:26:50]} 13. b4
{[%clk 1:23:19]} Ne4 {[%clk 1:20:53]} 14. Ne2 {[%clk 1:20:01]} Bf8
{[%clk 1:08:47]} 15. f3 {[%clk 1:10:45]} Nd6 {[%clk 1:08:57]} 16. Nc5
{[%clk 0:59:15]} b6 {[%clk 0:57:05]} 17. Nxd7 {[%clk 0:56:29]} Qxd7
{[%clk 0:57:27]} 18. g4 {[%clk 0:56:15]} Bg6 {[%clk 0:57:39]} 19. Nc3
{[%clk 0:55:22]} Nc4 {[%clk 0:42:18]} 20. f4 {[%clk 0:46:02]} Be4
{[%clk 0:35:40]} 21. Nxe4 {[%clk 0:44:00]} dxe4 {[%clk 0:36:04]} 22. Qc2
{[%clk 0:43:00]} Qd5 {[%clk 0:36:08]} 23. Bd2 {[%clk 0:42:06]} c5
{[%clk 0:29:53]} 24. Rfc1 {[%clk 0:31:31]} Nxd2 {[%clk 0:30:14]} 25. Qxd2
{[%clk 0:31:58]} Rad8 {[%clk 0:28:01]} 26. Rd1 {[%clk 0:30:32]} cxd4
{[%clk 0:25:58]} 27. exd4 {[%clk 0:30:25]} g6 {[%clk 0:19:45]} 28. Kh1
{[%clk 0:27:40]} Bg7 {[%clk 0:20:08]} 29. Qe2 {[%clk 0:26:58]} Bxd4
{[%clk 0:14:12]} 30. Ra2 {[%clk 0:27:02]} Qe6 {[%clk 0:09:58]} 31. Rad2
{[%clk 0:25:13]} Bf6 {[%clk 0:10:11]} 32. Rxd8 {[%clk 0:25:06]} Rxd8
{[%clk 0:06:52]} 33. Rxd8+ {[%clk 0:24:49]} Bxd8 {[%clk 0:07:18]} 34. Qxe4
{[%clk 0:24:26]} Qd6 {[%clk 0:07:21]} 35. Qe8+ {[%clk 0:23:00]} Kg7
{[%clk 0:07:46]} 36. Qe5+ {[%clk 0:23:26]} Qxe5 {[%clk 0:08:10]} 37. fxe5
{[%clk 0:23:55]} Bc7 {[%clk 0:08:36]} 38. b5 {[%clk 0:24:01]} Bxe5
{[%clk 0:08:57]} 39. Bd5 {[%clk 0:24:00]} f5 {[%clk 0:08:24]} 40. gxf5
{[%clk 0:54:24]} gxf5 {[%clk 0:38:50]} 41. Kg2 {[%clk 0:54:40]} Kf6
{[%clk 0:39:14]} 42. h3 {[%clk 0:54:43]} Bb2 {[%clk 0:39:38]} 43. a4
{[%clk 0:55:06]} Ke5 {[%clk 0:39:58]} 44. Bg8 {[%clk 0:54:59]} h5
{[%clk 0:39:17]} 45. Kf3 {[%clk 0:55:07]} h4 {[%clk 0:39:44]} 46. Bb3
{[%clk 0:55:11]} Bc1 {[%clk 0:40:03]} 47. Bc2 {[%clk 0:55:33]} Ke6
{[%clk 0:40:23]} 1/2-1/2